A 100 años : (Record no. 209103)

MARC details
000 -CABECERA
campo de control de longitud fija 01252nam a22002897a 4500
005 - FECHA Y HORA DE LA ÚLTIMA TRANSACCIÓN
campo de control 20230302063549.0
008 - ELEMENTOS DE LONGITUD FIJA--INFORMACIÓN GENERAL
campo de control de longitud fija 230209s2019 mx aco|| |||| 00| 0 spa d
020 ## - NÚMERO INTERNACIONAL NORMALIZADO PARA LIBROS
Número Internacional Estándar del Libro 9786075491219
040 ## - FUENTE DE LA CATALOGACIÓN
Centro catalogador/agencia de origen MX-MxUPN
Centro/agencia transcriptor MX-MxUPN
Lengua de catalogación spa
041 0# - CÓDIGO DE IDIOMA
Código de lengua del texto/banda sonora o título independiente spa
050 #4 - SIGNATURA TOPOGRÁFICA DE LA BIBLIOTECA DEL CONGRESO
Número de clasificación F1234 Z37
Número de documento/Ítem C54 2019
245 02 - MENCIÓN DE TÍTULO
Título A 100 años :
Resto del título iconografía de Emiliano Zapata
246 ## - FORMA VARIANTE DE TÍTULO
Título propio/Titulo breve A cien años :
Resto del título iconografía de Emiliano Zapata
250 ## - MENCIÓN DE EDICIÓN
Mención de edición Primera edición
260 ## - PUBLICACIÓN, DISTRIBUCIÓN, ETC.
Lugar de publicación, distribución, etc. Ciudad de México, México :
Nombre del editor, distribuidor, etc. Instituto Nacional de Estudios Históricos de las Revoluciones de México :
-- Secretaría de Cultura,
Fecha de publicación, distribución, etc. 2019.
300 ## - DESCRIPCIÓN FÍSICA
Extensión 118 páginas :
Otras características físicas ilustraciones, retratos, facsímiles, fotografías en blanco y negro
490 ## - MENCIÓN DE SERIE
Mención de serie Clásicos del zapatismo
600 10 - ASIENTO SECUNDARIO DE MATERIA - NOMBRE PERSONAL
9 (RLIN) 47804
Nombre de persona Zapata, Emiliano,
Fechas asociadas al nombre 1879-1919
Subdivisión de forma Obras ilustradas
600 10 - ASIENTO SECUNDARIO DE MATERIA - NOMBRE PERSONAL
9 (RLIN) 47806
Nombre de persona Zapata, Emiliano,
Fechas asociadas al nombre 1879-1919
Subdivisión de forma Retratos
650 #0 - ASIENTO SECUNDARIO DE MATERIA - TERMINO TEMATICO
9 (RLIN) 47798
Término de materia o nombre geográfico como elemento de entrada México
Subdivisión general Historia
-- Revolución, 1910-1920
Subdivisión de forma Obras ilustradas
650 #0 - ASIENTO SECUNDARIO DE MATERIA - TERMINO TEMATICO
9 (RLIN) 47808
Término de materia o nombre geográfico como elemento de entrada Revolucionarios
Subdivisión geográfica México
Subdivisión de forma Obras ilustradas
700 1# - ASIENTO SECUNDARIO--NOMBRE DE PERSONAL
Nombre de persona Ávila Espinosa, Felipe Arturo,
Fechas asociadas al nombre 1958-
Término indicativo de función/relación presentador
9 (RLIN) 36361
700 1# - ASIENTO SECUNDARIO--NOMBRE DE PERSONAL
Nombre de persona Castro Zapata, Édgar
Término indicativo de función/relación presentador
9 (RLIN) 47809
902 ## - ELEMENTOS DE DATOS B LOCAL, LDB (RLIN)
Creó GabrielCapula/090223
Modificó NoemíAcosta/130223
942 ## - ELEMENTOS DE PUNTO DE ACCESO ADICIONAL (KOHA)
Fuente del sistema de clasificación o colocación Library of Congress Classification
Tipo de ítem Koha Libro
Suprimir en OPAC No
Holdings
Estado de retiro Estado de pérdida Fuente del sistema de clasificación o colocación Estado dañado No para préstamo Código de colección Localización permanente Ubicación/localización actual Ubicación en estantería Fecha de adquisición Clasificación Código de barras Fecha visto por última vez Precio válido a partir de Tipo de ítem Koha
    Library of Congress Classification     Colección General Bib. Gregorio Torres Quintero Bib. Gregorio Torres Quintero Planta baja 09/02/2023 F1234 Z37 C54 2019 336188 09/02/2023 09/02/2023 Libro